Musique par lettre - L - Statistiques

Statistiques générales
  • Ce quiz a été pris 3 857 fois
    1 731 depuis la dernière actualisation
  • Le résultat moyen est 8 sur 14
Statistiques - réponses
Questions Réponses % Correct
Chanteuse américaine, connue au début des années 2010 pour ses tenues et ses clips extravagants dont la célèbre robe en viande portée en 2010 pendant le MTV Videos Music Awards Lady Gaga
89%
Chanteur et acteur français, il connaît son premier succès avec la chanson "Elle a les yeux revolver" Marc Lavoine
87%
Chanteuse française, qui a connu un grand succès dans les années 2000 avec les chansons "Je serai (ta meilleure amie)", "Sur un air latino"... Lorie
83%
Rappeur français, son deuxième album "Jeannine" comprend les chansons "Trop beau", "1000°C", "La vérité"... Lomepal
82%
Film musical, sortie en 2016, dont les personnages principaux Mia et Sebastian sont joués par Emma Stone et Ryan Gosling La La Land
81%
Chanteuse américaine, devenu célèbre grâce à sa chanson "Video Games", sortie en 2011 Lana del Rey
73%
Instrument à cordes, très populaire dans l'Antiquité grecque Lyre
69%
Titre d'une chanson des Beatles, commençant par : "When I find myself in times of trouble..." Let it be
61%
Groupe britannique, très influent dans les années 70, composé de Jimmy Page, Robert Plant, John Paul Jones et John Boham Led Zeppelin
40%
Un des quatre garçons dans le vent John Lennon
38%
Titre d'une chanson de Justin Bieber, écrite par Ed Sheeran, sortie en 2015, sur l'album "Purpose" Love Yourself
38%
Chanteuse belgo-portugaise, né sous le nom de Vanda Maria Ribeiro Furtado Tavares de Vasconcelos Lio
31%
Titre d'une chanson de Mike Brant, sortie en 1970, sur son premier album Laisse moi t'aimer
21%
Chanson traditionnelle mexicaine, inspirée de la légende du même nom, du fantôme d'une femme errant la nuit et pleurant ses enfants décédés La Llorona
15%
Aucun quiz correspondant
Distribution des résultats
% des personnes avec chaque résultat
Percentile par nombre de réponses
Votre historique - résultats
Vous n’avez pas pris ce quiz depuis la dernière actualisation